Le top 10 des noms les plus donnés pour les rue en France - Statistiques

Statistiques générales
  • Ce quiz a été pris 41 fois
  • Le résultat moyen est 4 sur 10
Statistiques - réponses
Hint Réponse % Correct
1 Charles de Gaulle
87%
3 Victor Hugo
72%
4 Jean Jaurès
54%
2 Louis Pasteur
38%
5 Jean moulin
28%
8 Jules Ferry
28%
10 Georges Clemenceau
26%
9 Maréchal Foch
26%
7 Général Leclerc
23%
6 Leon Gambeta
0%
Aucun quiz correspondant
Distribution des résultats
% des personnes avec chaque résultat
Percentile par nombre de réponses
Votre historique - résultats
Vous n’avez pas pris ce quiz